00000000nam##2200000za#4500
0019.534231
003CaOODSP
00520200331232218
007ta
008150406|2000||||xxc|||||     f|0| 0 fre|d
020 |a0-660-61418-9
040 |aCaOODSP|bfre
041 |aeng
041 |afre
043 |an-cn---
0861 |aBT31-4/23-2000
1101 |aCanada. |bConseil du trésor.
24510|aAgence canadienne d'évaluation environnementale
260 |aOttawa - Ontario : |bSecrétariat du Conseil du Trésor du Canada |c2000.
300 |aTexte français, 44p. : |btableaux ; |c28 cm.
4901 |aRapport sur le rendement pour la période se terminant le 31 mars 2000
546 |aBilingue
563 |aCouverture souple
590 |a01-06|b2001-02-09
69107|aGestion financière|2gcpds
69107|aProductivité|2gcpds
69107|aBudget|2gcpds
7760#|tCanadian Environmental Assessment Agency, performance report for the period ending March 31, 2000 |w(CaOODSP)9.569031
7760#|tAgence canadienne d'évaluation environnementale, rapport sur le rendement pour la période se terminant le 31 mars 2000 |w(CaOODSP)9.600272
791 |tCanadian Environmental Assessment Agency |eeng|w(CaOODSP)9.534230
830#0|aRapport sur le rendement pour la période se terminant le 31 mars 2000.|w(CaOODSP)9.508979